Textbook of Microbiology and Immunology (Record no. 930)

MARC details
000 -LEADER
Fixed length control field 00544nam a2200205Ia 4500
003 - CONTROL NUMBER IDENTIFIER
Control field IIN
005 - DATE AND TIME OF LATEST TRANSACTION
Control field 20240129165234.0
008 - FIXED-LENGTH DATA ELEMENTS--GENERAL INFORMATION
Fixed length control field 231217s9999 xx 000 0 und d
020 ## - INTERNATIONAL STANDARD BOOK NUMBER / ISBN
Price Rs.1095.00
International Standard Book Number 9788131244616
040 ## - CATALOGING SOURCE
Original cataloging agency IIN
Language of cataloging English
082 ## - DEWEY DECIMAL CLASSIFICATION NUMBER
Classification number 616.9041
Book Number PAR
100 1# - MAIN ENTRY--PERSONAL NAME
Personal name Parija, Subhas Chandra
245 1# - TITLE STATEMENT
Title Textbook of Microbiology and Immunology
Statement of responsibility Subhas Chandra Parija
250 ## - EDITION STATEMENT
Edition statement .- 3rd ed
260 ## - IMPRINT
Name of publisher Elsevier
Place of publication New Delhi
Date of publication 2016
300 ## - PHYSICAL DESCRIPTION
Page / Vol. No xiv, 670 p.
650 1# - SUBJECT ADDED ENTRY--TOPICAL TERM
Topical term Microbiology
650 1# - SUBJECT ADDED ENTRY--TOPICAL TERM
Topical term Immunology
942 ## - ADDED ENTRY ELEMENTS (KOHA)
Koha item type Books
Holdings
Withdrawn status Lost status Source of classification Damaged status Not for loan Collection code Home library Current library Date acquired Price Total Checkouts Call number Accession number Date last seen Price effective from Koha item type Shelving location
    Dewey Decimal Classification       IDEAL INSTITUTE OF NURSING IDEAL INSTITUTE OF NURSING 17/12/2023 1095.00   616.9041 PAR 924 17/12/2023 17/12/2023 Books  
    Dewey Decimal Classification       IDEAL INSTITUTE OF NURSING IDEAL INSTITUTE OF NURSING 17/12/2023 1095.00   616.9041 PAR 925 17/12/2023 17/12/2023 Books  
    Dewey Decimal Classification       IDEAL INSTITUTE OF NURSING IDEAL INSTITUTE OF NURSING 17/12/2023 1095.00   616.9041 PAR 926 17/12/2023 17/12/2023 Books  
    Dewey Decimal Classification     Purches Book IDEAL INSTITUTE OF NURSING IDEAL INSTITUTE OF NURSING 11/03/2025     616.9041 PAR 1891 12/04/2025 12/04/2025 Books General Stacks
© Ideal Institute Of Nursing, All rights reserved.         Powered by Koha